[Event "II Open"]
[Site "Crema ITA"]
[Date "2000.09.16"]
[Round "4"]
[White "Festa, Samuele"]
[Black "Massa, Salvenrico"]
[Result "1/2-1/2"]
[WhiteElo "1554"]
[BlackElo "1762"]
[PlyCount "135"]
[EventDate "2000.09.15"]

1.d4 Nf6 2.c4 e6 3.Nc3 d5 4.Bg5 Be7 5.e3 b6 6.cxd5 exd5 7.Nf3 O-O 8.Bd3 
Bb7 9.O-O Nbd7 10.Re1 Ne4 11.Bxe7 Qxe7 12.Rc1 c5 13.Nd2 Ndf6 14.f3 Nxc3 
15.Rxc3 Qd6 16.Qc1 Rac8 17.dxc5 bxc5 18.e4 dxe4 19.Nxe4 Nxe4 20.Bxe4 Bxe4 
21.Rxe4 Qb6 22.Rec4 a5 23.Kh1 h6 24.Rxc5 Rxc5 25.Rxc5 Qd8 26.h3 Re8 27.Rc2
Kh7 28.Qd2 Qh4 29.Rc1 Re5 30.Qc2+ g6 31.Qc7 Qf4 32.Qc3 Rd5 33.Re1 Qg3 34.
b3 h5 35.a3 h4 36.b4 axb4 37.Qxb4 Rg5 38.Re2 Rd5 39.Qb3 Rd7 40.a4 Rc7 41.
Qb2 Rd7 42.Qa1 Qd6 43.Re8 Qd1+ 44.Qxd1 Rxd1+ 45.Kh2 Ra1 46.Ra8 Kg7 47.a5 
Kf6 48.Rh8 Kg5 49.f4+ Kxf4 50.Rxh4+ Ke5 51.Rg4 Kf5 52.Kg3 Rxa5 53.Rf4+ Ke6
54.Kg4 f6 55.h4 Re5 56.Ra4 Rb5 57.g3 Ke5 58.h5 gxh5+ 59.Kxh5 f5 60.Kg5 Rc5
61.Rf4 Ke6 62.Kg6 Rc8 63.Kg7 Rc3 64.g4 Rg3 65.g5 Rxg5+ 66.Kh6 Rg1 67.Kh5 
Ke5 68.Ra4 1/2-1/2

[Event "II Open"]
[Site "Crema ITA"]
[Date "2000.09.16"]
[Round "4"]
[White "Folcini, Gaddo"]
[Black "Ruggeri, Dario"]
[Result "0-1"]
[WhiteElo "1500"]
[BlackElo "1579"]
[PlyCount "44"]
[EventDate "2000.09.15"]

1.d4 Nf6 2.e4 Nxe4 3.Bd3 Nf6 4.g4 d5 5.g5 Ne4 6.Bf4 Nc6 7.f3 Nd6 8.c3 g6 
9.h4 Bf5 10.h5 Qd7 11.hxg6 fxg6 12.b4 a6 13.a4 Bg7 14.Na3 e5 15.Bg3 Kf7 
16.f4 exd4 17.c4 Bxd3 18.Qxd3 Rae8+ 19.Ne2 Re3 20.Qd2 Ne4 21.Qa2 Nxg3 22.
Rh2 Nxe2 0-1

[Event "II Open"]
[Site "Crema ITA"]
[Date "2000.09.16"]
[Round "4"]
[White "Giretti Kanev, Jasen"]
[Black "Vismara, Daniele"]
[Result "1/2-1/2"]
[WhiteElo "2181"]
[BlackElo "2246"]
[PlyCount "45"]
[EventDate "2000.09.15"]

1.Nf3 Nf6 2.d4 e6 3.c4 b6 4.Nc3 Bb4 5.Qc2 Bb7 6.e3 O-O 7.Bd3 d5 8.cxd5 
exd5 9.O-O a6 10.Ne2 Nbd7 11.Ng3 Re8 12.Bd2 Bf8 13.Ng5 g6 14.h4 Bh6 15.f4 
Ng4 16.e4 Nf8 17.e5 f6 18.Qd1 Nxe5 19.fxe5 fxg5 20.Rf6 Bg7 21.Bxg5 Bxf6 
22.Bxf6 Qd7 23.Rc1 1/2-1/2

[Event "II Open"]
[Site "Crema ITA"]
[Date "2000.09.16"]
[Round "4"]
[White "Giussani, Giovanni"]
[Black "Sartorio, Diego"]
[Result "1/2-1/2"]
[WhiteElo "1600"]
[BlackElo "1705"]
[PlyCount "93"]
[EventDate "2000.09.15"]

1.e4 d6 2.d4 Nf6 3.Nc3 c6 4.Bd3 e5 5.dxe5 dxe5 6.Bg5 Be7 7.Bd2 Qc7 8.Nge2 
Nbd7 9.O-O b5 10.a4 b4 11.Na2 a5 12.b3 O-O 13.c3 Nc5 14.Bc2 Ncxe4 15.Bxe4 
Nxe4 16.Qc2 Nxd2 17.Qxd2 c5 18.c4 Bb7 19.Qe3 Qc6 20.f3 Bf6 21.Rad1 Rad8 
22.Ng3 e4 23.Qxe4 Qxe4 24.Nxe4 Bxe4 25.fxe4 Rfe8 26.Rd5 Rxe4 27.Rfd1 Bd4+ 
28.Kh1 Rxd5 29.cxd5 Re5 30.Nc1 Rxd5 31.Ne2 Kf8 32.g3 g5 33.Ng1 Ke7 34.Nf3 
f6 35.h3 Kd6 36.Nd2 Be5 37.Nc4+ Ke6 38.Rxd5 Kxd5 39.Nxa5 Bxg3 40.Nc4 Kc6 
41.Kg2 Bc7 42.Kf3 f5 43.Ne3 f4 44.Nc4 h5 45.Nd2 Kd5 46.Nc4 Kc6 47.Nd2 
1/2-1/2

[Event "II Open"]
[Site "Crema ITA"]
[Date "2000.09.16"]
[Round "4"]
[White "Malloggi, Stefano"]
[Black "Masotti, Roberto"]
[Result "0-1"]
[WhiteElo "1579"]
[BlackElo "1684"]
[PlyCount "94"]
[EventDate "2000.09.15"]

1.e4 e6 2.d4 d5 3.exd5 exd5 4.Nf3 Bg4 5.Be2 Nc6 6.c3 Nf6 7.Bg5 Be7 8.Ne5 
Bxe2 9.Qxe2 O-O 10.O-O Re8 11.Qd3 Ne4 12.Nxc6 bxc6 13.Bxe7 Qxe7 14.Nd2 
Nxd2 15.Qxd2 Qe2 16.Qxe2 Rxe2 17.b3 Rae8 18.Rfc1 Rd2 19.Re1 Ree2 20.a4 Kf8
21.Rxe2 Rxe2 22.Rc1 a5 23.Kf1 Rb2 24.c4 Rxb3 25.cxd5 cxd5 26.Rxc7 Rb4 27.
Rc5 Rxd4 28.Rxa5 Ke7 29.Rb5 Ke6 30.Rb6+ Ke5 31.a5 Ra4 32.a6 d4 33.Ke2 Ra2+
34.Kd3 Ra3+ 35.Kd2 Ke4 36.f3+ Kd5 37.Rb7 Rxa6 38.Rxf7 Ra2+ 39.Kd3 Rxg2 40.
Rd7+ Ke6 41.Rxd4 Rxh2 42.Rg4 g6 43.Ke4 Re2+ 44.Kf4 Re5 45.Rg5 Rf5+ 46.Rxf5
gxf5 47.Kg5 Ke5 0-1

[Event "II Open"]
[Site "Crema ITA"]
[Date "2000.09.16"]
[Round "4"]
[White "Menato, Nazario"]
[Black "Santandrea, Marco"]
[Result "1/2-1/2"]
[WhiteElo "1399"]
[BlackElo "1543"]
[PlyCount "66"]
[EventDate "2000.09.15"]

1.d4 Nf6 2.Bg5 Ne4 3.Bf4 e6 4.Nf3 b6 5.e3 Bb7 6.Bd3 d6 7.O-O Nd7 8.c4 Be7 
9.Nbd2 Nxd2 10.Nxd2 Nf6 11.e4 O-O 12.Re1 e5 13.Be3 Qd7 14.h3 a5 15.a4 Qe8 
16.d5 Bc8 17.Be2 h6 18.Rf1 g5 19.h4 Nh7 20.Bh5 Bd7 21.Qf3 Qc8 22.Qg3 Kh8 
23.hxg5 Nxg5 24.f4 exf4 25.Bd4+ Kh7 26.Rxf4 f6 27.Kf1 f5 28.Ke2 Bf6 29.
Bxf6 Rxf6 30.b3 Qf8 31.Raf1 Qe7 32.Kd1 Qe5 33.Qe3 Raf8 1/2-1/2

[Event "II Open"]
[Site "Crema ITA"]
[Date "2000.09.16"]
[Round "4"]
[White "Orlando, Luigi"]
[Black "Pedini, Dario"]
[Result "1/2-1/2"]
[WhiteElo "1812"]
[BlackElo "1626"]
[PlyCount "76"]
[EventDate "2000.09.15"]

1.e4 e5 2.Nf3 Nc6 3.Bb5 a6 4.Bxc6 dxc6 5.O-O f6 6.d4 exd4 7.Nxd4 c5 8.Nb3 
Qxd1 9.Rxd1 Bg4 10.f3 Be6 11.Bf4 c4 12.Nd4 O-O-O 13.Nc3 Rxd4 14.Rxd4 Bc5 
15.Ne2 c3 16.b4 Bxd4+ 17.Nxd4 Bc4 18.Nf5 g6 19.Ne3 Be6 20.a4 Ne7 21.Ra3 
Rd8 22.Rxc3 Rd7 23.Nc4 Nc6 24.b5 Rd4 25.bxc6 Rxc4 26.Rxc4 Bxc4 27.cxb7+ 
Kxb7 28.Kf2 c5 29.a5 Kc6 30.Ke3 Kd7 31.h4 Ke6 32.g4 Bb5 33.Bc7 Ba4 34.c3 
Bd1 35.g5 f5 36.e5 Kd5 37.f4 Ba4 38.Bb6 Bd7 1/2-1/2

[Event "II Open"]
[Site "Crema ITA"]
[Date "2000.09.16"]
[Round "4"]
[White "Pinotti, Claudio"]
[Black "Biava, Pierluigi"]
[Result "1-0"]
[WhiteElo "1747"]
[BlackElo "1588"]
[PlyCount "111"]
[EventDate "2000.09.15"]

1.e4 d6 2.d4 Nf6 3.Nc3 c6 4.h3 g6 5.Nf3 Bg7 6.Be3 O-O 7.Qd2 Re8 8.O-O-O b5
9.e5 Nfd7 10.Ne4 Nb6 11.exd6 exd6 12.Bd3 Nc4 13.Bxc4 bxc4 14.Nc3 Nd7 15.
Rhe1 Nf6 16.Bh6 Be6 17.Bxg7 Kxg7 18.Ng5 Rb8 19.Nxe6+ fxe6 20.Qe2 d5 21.f3 
Qb6 22.b3 Qb4 23.Nb1 cxb3 24.axb3 Rb6 25.Qd2 c5 26.dxc5 Qxc5 27.Qd4 Rc8 
28.Qxc5 Rxc5 29.Kb2 Kf7 30.Re3 a5 31.Rc3 Rc4 32.Nd2 Rxc3 33.Kxc3 Rb4 34.
Ra1 d4+ 35.Kd3 Nd5 36.g3 Ne3 37.Rxa5 Nf5 38.Ra7+ Kg8 39.Ne4 h5 40.g4 hxg4 
41.hxg4 Ne3 42.Ra4 Nd5 43.Rxb4 Nxb4+ 44.Kxd4 Nxc2+ 45.Ke5 Kg7 46.Ng5 Kh6 
47.Nxe6 Ne1 48.f4 Nf3+ 49.Kf6 Nh2 50.g5+ Kh7 51.Nf8+ Kg8 52.Nxg6 Ng4+ 53.
Kf5 Ne3+ 54.Ke4 Nc2 55.Ne7+ Kf7 56.Nd5 1-0

[Event "II Open"]
[Site "Crema ITA"]
[Date "2000.09.16"]
[Round "4"]
[White "Poretti, Ennio"]
[Black "Megli, Massimo"]
[Result "1/2-1/2"]
[WhiteElo "1614"]
[BlackElo "1725"]
[PlyCount "86"]
[EventDate "2000.09.15"]

1.e4 c5 2.Nf3 e6 3.d4 cxd4 4.Nxd4 Nf6 5.Nc3 Qb6 6.Nb3 Bb4 7.Bd2 Nc6 8.Bd3 
Ne5 9.a3 Nxd3+ 10.cxd3 Bxc3 11.Bxc3 d6 12.O-O Bd7 13.Kh1 Ba4 14.Qd2 Qxb3 
15.Rac1 Rc8 16.Bxf6 Bc6 17.Bc3 e5 18.f4 Qe6 19.fxe5 dxe5 20.Qg5 O-O 21.
Qxe5 Qxe5 22.Bxe5 Rfe8 23.Bc3 Rcd8 24.Rf3 Bb5 25.d4 Rxe4 26.Kg1 Rc8 27.Re1
Rxe1+ 28.Bxe1 Rc1 29.Re3 Rc2 30.Rc3 Rxc3 31.Bxc3 Kf8 32.Kf2 Ke7 33.g3 Kd6 
34.Ke3 Kd5 35.Kf4 Bd7 36.Ke3 g5 37.Kf3 h5 38.Ke3 Ke6 39.Kf3 Kf5 40.Ke3 Kg4
41.Kf2 f5 42.Bd2 b5 43.d5 h4 1/2-1/2

[Event "II Open"]
[Site "Crema ITA"]
[Date "2000.09.16"]
[Round "4"]
[White "Rota, Simone"]
[Black "Mondello, Fernando"]
[Result "1/2-1/2"]
[WhiteElo "1653"]
[BlackElo "1605"]
[PlyCount "73"]
[EventDate "2000.09.15"]

1.d4 Nf6 2.Nf3 g6 3.Bg5 Bg7 4.Nbd2 d5 5.e3 Nbd7 6.Bd3 O-O 7.O-O c5 8.c3 b6
9.Re1 Bb7 10.Bxf6 Nxf6 11.Ne5 Nd7 12.f4 f6 13.Nxd7 Qxd7 14.dxc5 bxc5 15.
Nb3 Rac8 16.c4 e5 17.Rc1 d4 18.Be2 Rfd8 19.fxe5 fxe5 20.Bg4 Qc6 21.e4 Rc7 
22.Qd3 h5 23.Bf3 Rf8 24.Nd2 Bh6 25.Rc2 Rcf7 26.a3 a5 27.Nf1 Bc8 28.Qd1 h4 
29.Rf2 Be6 30.Qd3 Bg4 31.Ree2 Qe6 32.Bxg4 Qxg4 33.h3 Qe6 34.b3 g5 35.Nh2 
Rf4 36.Ng4 Bg7 37.Kh1 1/2-1/2

[Event "II Open"]
[Site "Crema ITA"]
[Date "2000.09.16"]
[Round "4"]
[White "Scarpellini, Felice"]
[Black "Everet, Alexandro"]
[Result "0-1"]
[WhiteElo "1633"]
[BlackElo "2348"]
[PlyCount "40"]
[EventDate "2000.09.15"]

1.c4 e5 2.g3 Nf6 3.Bg2 c6 4.e3 e4 5.Ne2 d5 6.cxd5 cxd5 7.d4 Bd6 8.O-O Nc6 
9.a3 h5 10.h4 Ng4 11.Nbc3 Be6 12.Nf4 g5 13.Nxe6 fxe6 14.hxg5 Qxg5 15.f4 
Qg7 16.Qe1 Ne7 17.Bxe4 h4 18.Bf3 Nf5 19.Ne2 hxg3 20.Nxg3 Qh6 0-1

[Event "II Open"]
[Site "Crema ITA"]
[Date "2000.09.16"]
[Round "4"]
[White "Tencati, Giuseppe"]
[Black "Vigano', Massimo"]
[Result "1/2-1/2"]
[WhiteElo "2061"]
[BlackElo "2170"]
[PlyCount "40"]
[EventDate "2000.09.15"]

1.d4 e6 2.c4 f5 3.Nc3 Nf6 4.g3 d5 5.Bg2 c6 6.Nf3 Bd6 7.b3 O-O 8.Bb2 Nbd7 
9.O-O Ne4 10.Nd2 Rf6 11.f4 Qe8 12.Nf3 Rh6 13.e3 Ndf6 14.Re1 Bd7 15.Rc1 Qe7
16.Rc2 Be8 17.Ne5 Bb4 18.Bf3 Rd8 19.c5 Bh5 20.Rf1 Bxf3 1/2-1/2

[Event "II Open"]
[Site "Crema ITA"]
[Date "2000.09.16"]
[Round "4"]
[White "Vecchia, Mario"]
[Black "Mariano, Elia"]
[Result "0-1"]
[WhiteElo "1692"]
[BlackElo "2093"]
[PlyCount "56"]
[EventDate "2000.09.15"]

1.e4 e6 2.d4 d5 3.Nc3 Nf6 4.Bg5 Bb4 5.e5 h6 6.exf6 hxg5 7.fxg7 Rg8 8.Bd3 
c5 9.a3 Bxc3+ 10.bxc3 Qa5 11.Qd2 Nc6 12.dxc5 Rxg7 13.c4 dxc4 14.Bxc4 Qxc5 
15.Qc3 Rh7 16.Rb1 Rh4 17.g4 Rxg4 18.Qh8+ Ke7 19.Bd3 Rf4 20.Nh3 Rh4 21.Qg7 
Rxh3 22.Rb5 Qd4 23.Qxg5+ Qf6 24.Qc5+ Ke8 25.Kd2 Qd4 26.Rg1 Qxc5 27.Rxc5 
Ke7 28.Bc4 Bd7 0-1

[Event "II Open"]
[Site "Crema ITA"]
[Date "2000.09.17"]
[Round "5"]
[White "Acunzo, Domenico"]
[Black "Bellini, Roberto"]
[Result "1-0"]
[WhiteElo "1656"]
[BlackElo "1575"]
[PlyCount "55"]
[EventDate "2000.09.15"]

1.e4 c5 2.Nf3 d6 3.h3 e5 4.c3 Nf6 5.d4 cxd4 6.cxd4 Nxe4 7.a3 Qc7 8.Be3 Be7
9.dxe5 dxe5 10.Qa4+ Nc6 11.Qxe4 O-O 12.Nc3 Be6 13.Bc4 a6 14.O-O Bxc4 15.
Qxc4 b5 16.Qa2 Qb7 17.Nd5 Bd6 18.Rfd1 Rad8 19.Rd2 Kh8 20.Rad1 f6 21.b4 e4 
22.Nd4 Nxd4 23.Rxd4 Be5 24.R4d2 Qf7 25.Bc5 Bd6 26.Nc3 Qxa2 27.Nxa2 Rf7 28.
Rxd6 1-0

[Event "II Open"]
[Site "Crema ITA"]
[Date "2000.09.17"]
[Round "5"]
[White "Bonazzi, Edoardo"]
[Black "Festa, Samuele"]
[Result "0-1"]
[WhiteElo "2085"]
[BlackElo "1554"]
[PlyCount "100"]
[EventDate "2000.09.15"]

1.c4 Nf6 2.g3 e6 3.Bg2 d5 4.d4 Be7 5.Nf3 O-O 6.O-O c6 7.Qc2 Nbd7 8.Rd1 Re8
9.Nbd2 b6 10.e4 dxe4 11.Nxe4 Bb7 12.Nxf6+ Bxf6 13.Bf4 Qe7 14.Ne5 Bxe5 15.
dxe5 Red8 16.h4 h6 17.h5 Rac8 18.Rd6 f6 19.exf6 Nxf6 20.Rxd8+ Rxd8 21.Qe2 
c5 22.Bxb7 Qxb7 23.Qxe6+ Qf7 24.Re1 Qxe6 25.Rxe6 Nxh5 26.Be5 Kf7 27.Rc6 
Rd7 28.a4 Nf6 29.f3 Ng8 30.Kf2 Ne7 31.Rc7 Rxc7 32.Bxc7 Ke6 33.Ke3 Nc6 34.
Ke4 Na5 35.Kd3 h5 36.Bf4 Kf5 37.Bd2 g5 38.b4 h4 39.gxh4 gxh4 40.Be1 h3 41.
Bg3 cxb4 42.Kc2 a6 43.Kd3 b3 44.Kc3 b2 45.Kxb2 Nxc4+ 46.Kc3 Ne5 47.Kd4 
Nxf3+ 48.Kd5 Nd2 49.Kc6 Nc4 50.Kd5 Nb2 0-1

[Event "II Open"]
[Site "Crema ITA"]
[Date "2000.09.17"]
[Round "5"]
[White "Everet, Alexandro"]
[Black "Tencati, Giuseppe"]
[Result "1-0"]
[WhiteElo "2348"]
[BlackElo "2061"]
[PlyCount "133"]
[EventDate "2000.09.15"]

1.d4 d5 2.Nc3 Nf6 3.Nf3 Bf5 4.Bf4 c6 5.e3 e6 6.Bd3 Bg6 7.a3 Bd6 8.Bg5 Nbd7
9.e4 dxe4 10.Bxe4 Bxe4 11.Nxe4 Be7 12.Bxf6 Nxf6 13.Nxf6+ Bxf6 14.c3 O-O 
15.O-O Qc7 16.Nd2 Rfd8 17.Ne4 Be7 18.Qf3 c5 19.dxc5 Bxc5 20.Rad1 Be7 21.h3
h6 22.Rfe1 Rxd1 23.Rxd1 Rd8 24.Rd3 Rxd3 25.Qxd3 Qc6 26.c4 a5 27.Nc3 Bf6 
28.b4 axb4 29.axb4 Qb6 30.Nb5 Qc6 31.g3 b6 32.Na3 Be7 33.Nc2 Qd6 34.Qe4 
Qd2 35.b5 Bc5 36.Ne3 Qe1+ 37.Kg2 Qe2 38.Qa8+ Kh7 39.Qf3 Qxf3+ 40.Kxf3 Kg6 
41.Ke4 Kf6 42.Nd1 Ke7 43.f4 h5 44.g4 hxg4 45.hxg4 Kd6 46.Nb2 Bg1 47.Nd3 
Bc5 48.g5 Bg1 49.Ne5 Ke7 50.f5 Bf2 51.f6+ gxf6 52.gxf6+ Ke8 53.Nf3 Kd7 54.
Kd3 Kd6 55.Ke4 Kd7 56.Kf4 Kd6 57.Ng5 Bh4 58.Ne4+ Kd7 59.Kg4 Be1 60.Kg5 Bb4
61.Kh6 e5 62.Kg7 Ke6 63.c5 bxc5 64.Ng5+ Kf5 65.Nxf7 c4 66.b6 Ba5 67.Nd6+ 
1-0

[Event "II Open"]
[Site "Crema ITA"]
[Date "2000.09.17"]
[Round "5"]
[White "Giretti Kanev, Jasen"]
[Black "Ausmins, Elmar"]
[Result "0-1"]
[WhiteElo "2181"]
[BlackElo "2324"]
[PlyCount "86"]
[EventDate "2000.09.15"]

1.Nf3 Nf6 2.d4 g6 3.g3 Bg7 4.Bg2 O-O 5.O-O d6 6.c4 Nc6 7.Nc3 a6 8.h3 Rb8 
9.d5 Na5 10.Qd3 c5 11.Bg5 b5 12.b3 bxc4 13.bxc4 Nd7 14.Rab1 Rb4 15.Ne4 h6 
16.Bd2 Ra4 17.Rfc1 f5 18.Nc3 Rxc4 19.a3 Ne5 20.Nxe5 dxe5 21.e4 Rd4 22.Qe2 
f4 23.Nd1 f3 24.Bxf3 Rxd2 25.Qxd2 Rxf3 26.Rxc5 Nb3 27.Qe2 Nxc5 28.Qxf3 Nb7
29.Qc3 Nd6 30.Rb8 h5 31.Ne3 Kh7 32.Qc6 Qf8 33.Qc2 Qd8 34.Qc6 Qf8 35.Qc2 h4
36.gxh4 Bh6 37.h5 Bxe3 38.hxg6+ Kg7 39.fxe3 Qf3 40.Rb3 Bxh3 41.Kh2 Nxe4 
42.Qb2 Qg3+ 43.Kh1 Nf2+ 0-1

[Event "II Open"]
[Site "Crema ITA"]
[Date "2000.09.17"]
[Round "5"]
[White "Gualazzi, Paolo"]
[Black "Menato, Nazario"]
[Result "1-0"]
[WhiteElo "1654"]
[BlackElo "1399"]
[PlyCount "66"]
[EventDate "2000.09.15"]

1.e4 Nf6 2.e5 Nd5 3.d4 d6 4.Nf3 Nc6 5.exd6 cxd6 6.Be2 Bf5 7.Bc4 Ndb4 8.Bb3
e6 9.O-O Be7 10.Re1 O-O 11.a3 Na6 12.Nc3 Rc8 13.Ne2 Bg4 14.Ng3 Bf6 15.c3 
Bh4 16.Re4 h5 17.h3 d5 18.Re1 Bxf3 19.Qxf3 g6 20.Bc2 Qb6 21.Qd3 Bxg3 22.
Qxg3 Ne7 23.Qf3 Kg7 24.g4 hxg4 25.Qxg4 Rh8 26.Re3 Rcg8 27.Rf3 Kf8 28.Qf4 
Rh7 29.Qf6 Qc7 30.Qxe6 Rgh8 31.Bg5 f5 32.Re1 Qc8 33.Bxe7+ Rxe7 1-0

[Event "II Open"]
[Site "Crema ITA"]
[Date "2000.09.17"]
[Round "5"]
[White "Mariano, Elia"]
[Black "Pinotti, Claudio"]
[Result "1/2-1/2"]
[WhiteElo "2093"]
[BlackElo "1747"]
[PlyCount "160"]
[EventDate "2000.09.15"]

1.d4 e6 2.c4 Nf6 3.Nc3 Bb4 4.Qc2 O-O 5.a3 Bxc3+ 6.Qxc3 b6 7.Bg5 Bb7 8.e3 
h6 9.Bh4 d6 10.Nf3 Nbd7 11.Bd3 c5 12.O-O Rc8 13.Rac1 cxd4 14.exd4 d5 15.
Qb3 dxc4 16.Bxc4 a6 17.Ne5 b5 18.Nxf7 bxc4 19.Nxd8 cxb3 20.Nxb7 Rc2 21.
Bxf6 gxf6 22.Na5 Nb6 23.Nxb3 Rxb2 24.Nc5 Kf7 25.Rb1 Nc4 26.Rxb2 Nxb2 27.
Rb1 Nc4 28.Rb7+ Kg6 29.Nxe6 Re8 30.d5 Nxa3 31.g4 h5 32.gxh5+ Kh6 33.Rf7 
Rg8+ 34.Kf1 Nc4 35.Rxf6+ Kxh5 36.d6 Nxd6 37.Nf4+ Kg5 38.Rxd6 Kxf4 39.Rxa6 
Rh8 40.Ra4+ Kf3 41.Ra3+ Kf4 42.Kg2 Rg8+ 43.Rg3 Rh8 44.h3 Rh7 45.Rg4+ Kf5 
46.Kg3 Ra7 47.h4 Ra3+ 48.f3 Ra1 49.Rg5+ Kf6 50.Rb5 Rg1+ 51.Kf4 Rh1 52.h5 
Rh4+ 53.Kg3 Rh1 54.Kg4 Rg1+ 55.Kf4 Rh1 56.Rb6+ Kg7 57.h6+ Kh7 58.Kg5 Rg1+ 
59.Kf5 Rf1 60.f4 Rf2 61.Rf6 Rf1 62.Ke6 Re1+ 63.Kf7 Rf1 64.f5 Rf2 65.Ke6 
Re2+ 66.Kd5 Rd2+ 67.Ke5 Re2+ 68.Kd6 Rd2+ 69.Ke7 Rf2 70.Kf8 Rf1 71.Rf7+ 
Kxh6 72.f6 Rf2 73.Kg8 Ra2 74.Re7 Ra8+ 75.Kf7 Rb8 76.Rd7 Kh7 77.Ra7 Rc8 78.
Ke6+ Kg8 79.Rg7+ Kf8 80.Rf7+ Kg8 1/2-1/2

[Event "II Open"]
[Site "Crema ITA"]
[Date "2000.09.17"]
[Round "5"]
[White "Marson, Antonio"]
[Black "Aloisio, Salvatore"]
[Result "1/2-1/2"]
[WhiteElo "1525"]
[BlackElo "1516"]
[PlyCount "23"]
[EventDate "2000.09.15"]

1.d4 Nf6 2.Nf3 c5 3.c3 e6 4.Bf4 d5 5.e3 Nc6 6.Nbd2 a6 7.a4 h6 8.h3 Bd6 9.
Bxd6 Qxd6 10.Bd3 Bd7 11.Qe2 O-O 12.O-O 1/2-1/2

[Event "II Open"]
[Site "Crema ITA"]
[Date "2000.09.17"]
[Round "5"]
[White "Masotti, Roberto"]
[Black "D'Ettorre, Ireneo"]
[Result "0-1"]
[WhiteElo "1684"]
[BlackElo "1711"]
[PlyCount "68"]
[EventDate "2000.09.15"]

1.d4 Nf6 2.Nf3 c5 3.d5 e6 4.Nc3 d6 5.e4 exd5 6.exd5 a6 7.a4 Bf5 8.Be2 h6 
9.O-O Be7 10.Re1 O-O 11.Nd2 Nbd7 12.Nc4 Nb6 13.Nxb6 Qxb6 14.a5 Qc7 15.Bf4 
Rfe8 16.Bf3 Rad8 17.Qd2 Bf8 18.Rxe8 Rxe8 19.h3 Qd8 20.Kh1 Ne4 21.Nxe4 Bxe4
22.Ra3 g5 23.Bh2 Bg7 24.Re3 Bxf3 25.Rxf3 Be5 26.Rb3 Qd7 27.Bxe5 Rxe5 28.f4
gxf4 29.Qxf4 Rg5 30.Rg3 Qe7 31.Re3 Qd7 32.Qh4 Rg6 33.Re7 Qf5 34.Rxb7 Qf1+ 
0-1

[Event "II Open"]
[Site "Crema ITA"]
[Date "2000.09.17"]
[Round "5"]
[White "Massa, Salvenrico"]
[Black "Epitome, Nando"]
[Result "1/2-1/2"]
[WhiteElo "1762"]
[BlackElo "1594"]
[PlyCount "110"]
[EventDate "2000.09.15"]

1.d4 d5 2.Nf3 Nf6 3.e3 e6 4.a3 Nbd7 5.b4 a5 6.b5 Bd6 7.c4 b6 8.Bb2 Bb7 9.
Nbd2 O-O 10.Bd3 Rc8 11.O-O c6 12.Ne5 Bb8 13.bxc6 Bxc6 14.Nxc6 Rxc6 15.Rc1 
Qc7 16.f4 dxc4 17.Rxc4 Nd5 18.Qf3 Rxc4 19.Nxc4 f5 20.Rc1 Qd8 21.Ne5 Nxe5 
22.fxe5 Qg5 23.Re1 f4 24.Qh3 Nxe3 25.Bxh7+ Kf7 26.Qf3 Nd5 27.Be4 Rd8 28.
Bc1 Ke7 29.Bxd5 Rxd5 30.Bxf4 Qg6 31.a4 b5 32.axb5 Rxb5 33.Qa3+ Kf7 34.Bg3 
Kg8 35.Rf1 Kh7 36.Bf2 Ba7 37.Qh3+ Kg8 38.Qf3 Kh7 39.h3 Rd5 40.Qc3 a4 41.
Re1 Bb6 42.Qb4 Ba5 43.Qxa4 Bxe1 44.Bxe1 Qe4 45.Bg3 Rxd4 46.Qe8 Qf5 47.Kh2 
Rd3 48.Qe7 Qg6 49.Qh4+ Kg8 50.Qf4 Ra3 51.Qh4 Rd3 52.Qf4 Ra3 53.Qh4 Qd3 54.
Qg4 Qd5 55.Qg6 Ra2 1/2-1/2

[Event "II Open"]
[Site "Crema ITA"]
[Date "2000.09.17"]
[Round "5"]
[White "Megli, Massimo"]
[Black "Distratis, Gianluca"]
[Result "0-1"]
[WhiteElo "1725"]
[BlackElo "1633"]
[PlyCount "54"]
[EventDate "2000.09.15"]

1.e4 c5 2.Nf3 d6 3.Bc4 e6 4.O-O Nf6 5.Nc3 Be7 6.d4 cxd4 7.Nxd4 a6 8.a4 
Nbd7 9.a5 O-O 10.Bxe6 fxe6 11.Nxe6 Qe8 12.Nc7 Qg6 13.Nxa8 Ne5 14.f4 Neg4 
15.f5 Qh5 16.h3 d5 17.Na4 dxe4 18.N8b6 Rd8 19.Qe2 Bxf5 20.Rxf5 Qxf5 21.
hxg4 Nxg4 22.Be3 Bd6 23.g3 Bxg3 24.Kg2 Bf4 25.Bxf4 Qxf4 26.Nc4 Qh2+ 27.Kf1
Qh1# 0-1

[Event "II Open"]
[Site "Crema ITA"]
[Date "2000.09.17"]
[Round "5"]
[White "Mondello, Fernando"]
[Black "Orlando, Luigi"]
[Result "0-1"]
[WhiteElo "1605"]
[BlackElo "1812"]
[PlyCount "38"]
[EventDate "2000.09.15"]

1.e4 d6 2.d4 Nf6 3.Nc3 g6 4.f4 Bg7 5.Nf3 c5 6.e5 Ng4 7.h3 cxd4 8.Qxd4 Nh6 
9.Bb5+ Bd7 10.Qa4 O-O 11.Bxd7 Nxd7 12.Qe4 Nf5 13.Ne2 dxe5 14.fxe5 Nxe5 15.
c3 Nd3+ 16.Kf1 Nxc1 17.Rxc1 Qb6 18.b4 Rfc8 19.a4 Bxc3 0-1

[Event "II Open"]
[Site "Crema ITA"]
[Date "2000.09.17"]
[Round "5"]
[White "Pedini, Dario"]
[Black "Scarpellini, Felice"]
[Result "1-0"]
[WhiteElo "1626"]
[BlackElo "1633"]
[PlyCount "153"]
[EventDate "2000.09.15"]

1.e4 c5 2.Nc3 e6 3.d3 Nc6 4.g3 Nf6 5.Bg2 d5 6.Bg5 d4 7.Nce2 Be7 8.f4 Ng4 
9.Bxe7 Qxe7 10.Qd2 Ne3 11.Bh3 Nb4 12.Rc1 Nxa2 13.Ra1 Nb4 14.Rc1 Nbxc2+ 15.
Rxc2 Nxc2+ 16.Qxc2 O-O 17.Nf3 b6 18.O-O Bb7 19.Qb3 Rad8 20.Ne5 Rd6 21.Ra1 
Ba8 22.Qa2 a5 23.Qb3 f5 24.exf5 Bd5 25.Qb5 exf5 26.Bg2 Bxg2 27.Kxg2 Qe6 
28.Qc4 Qxc4 29.Nxc4 Re6 30.Ng1 Rfe8 31.Kf2 a4 32.Ne5 b5 33.Ngf3 Ra8 34.Rc1
b4 35.Nc4 a3 36.Ra1 Raa6 37.bxa3 bxa3 38.Ra2 Re8 39.Rxa3 Rxa3 40.Nxa3 Ra8 
41.Nc4 Ra2+ 42.Nfd2 h6 43.Kf3 Kf7 44.h3 Rc2 45.Nb3 Rc3 46.Nxc5 g6 47.Ne5+ 
Kf6 48.Ncd7+ Kg7 49.Nb6 Rc1 50.Nbc4 Rf1+ 51.Kg2 Ra1 52.Nc6 Kf6 53.Nxd4 Rd1
54.Ne5 g5 55.Ne2 h5 56.Kf2 Rh1 57.Kg2 Rd1 58.d4 gxf4 59.gxf4 Ke6 60.Kg3 
Re1 61.Kf2 Rh1 62.Kg2 Re1 63.Nc3 Rc1 64.Ne2 Rc2 65.Kf3 Rd2 66.Ke3 Rb2 67.
Nc3 Kd6 68.d5 Ke7 69.Nf3 Rg2 70.Kd4 Rf2 71.Ke3 Rc2 72.Nb5 Rb2 73.d6+ Kd8 
74.Nbd4 Ra2 75.Ne5 Ra3+ 76.Kf2 Rxh3 77.Ne6+ 1-0

[Event "II Open"]
[Site "Crema ITA"]
[Date "2000.09.17"]
[Round "5"]
[White "Perchinunno, Antonio"]
[Black "Nigroni, Stefano"]
[Result "0-1"]
[WhiteElo "1263"]
[BlackElo "1446"]
[PlyCount "54"]
[EventDate "2000.09.15"]

1.d4 d5 2.c4 e6 3.Nf3 h6 4.Nc3 Nf6 5.Bf4 Bb4 6.Qc2 O-O 7.e3 Nh5 8.Bd3 Nxf4
9.exf4 dxc4 10.Bxc4 Qf6 11.Qd2 Qg6 12.O-O e5 13.Be2 exf4 14.Qxf4 Bd6 15.
Qd2 c6 16.Nh4 Qf6 17.Ne4 Bxh2+ 18.Kxh2 Qxh4+ 19.Kg1 Qxe4 20.Rfe1 Qg6 21.
Bd3 Bf5 22.Re3 Bxd3 23.Rxd3 Nd7 24.Rg3 Qh5 25.Rc1 Nf6 26.Qd3 Rfe8 27.Kf1 
Qh1# 0-1

[Event "II Open"]
[Site "Crema ITA"]
[Date "2000.09.17"]
[Round "5"]
[White "Righini, Giovanni"]
[Black "Giussani, Giovanni"]
[Result "1-0"]
[WhiteElo "1755"]
[BlackElo "1600"]
[PlyCount "119"]
[EventDate "2000.09.15"]

1.e4 c5 2.c3 d5 3.exd5 Qxd5 4.d4 Nf6 5.Nf3 Bg4 6.Be2 e6 7.Na3 a6 8.Nc2 
cxd4 9.Ncxd4 Be7 10.O-O O-O 11.Qc2 Bh5 12.Rd1 Bg6 13.Qb3 Qxb3 14.axb3 Be4 
15.Bf4 Nc6 16.Nxc6 Bxc6 17.Bd6 Bxd6 18.Rxd6 Ne4 19.Rdd1 Nc5 20.Nd4 Be4 21.
b4 Na4 22.Rxa4 e5 23.Bf3 Bg6 24.Bxb7 exd4 25.Rxd4 Rfe8 26.Ra1 Ra7 27.Bf3 
Rb8 28.Rad1 h6 29.Rd8+ Rxd8 30.Rxd8+ Kh7 31.Kf1 Bc2 32.Be2 a5 33.bxa5 Rxa5
34.Bd3+ Bxd3+ 35.Rxd3 Ra1+ 36.Ke2 Rh1 37.h3 Rg1 38.g3 g5 39.Kf3 Rb1 40.Rd2
Rh1 41.Kg2 Rb1 42.Rc2 Kg6 43.c4 Kf6 44.c5 Ke7 45.Kf3 f5 46.h4 Kd7 47.hxg5 
hxg5 48.Ke3 Kc6 49.Kd4 Re1 50.Kd3 g4 51.b4 Re4 52.b5+ Kxb5 53.c6 Re8 54.c7
Rc8 55.Kd4 Kb6 56.Ke5 Kb7 57.Kxf5 Rf8+ 58.Kxg4 Kc8 59.f4 Rg8+ 60.Kf3 1-0

[Event "II Open"]
[Site "Crema ITA"]
[Date "2000.09.17"]
[Round "5"]
[White "Ruggeri, Dario"]
[Black "Rota, Simone"]
[Result "1-0"]
[WhiteElo "1579"]
[BlackElo "1653"]
[PlyCount "51"]
[EventDate "2000.09.15"]

1.e4 c5 2.c3 e6 3.d4 b6 4.Nf3 Bb7 5.Bd3 c4 6.Bc2 b5 7.O-O g6 8.Re1 Bg7 9.
Bf4 d6 10.a4 a6 11.Na3 Bc6 12.d5 e5 13.dxc6 exf4 14.axb5 axb5 15.Qd5 Ne7 
16.Qxb5 O-O 17.Nxc4 Rxa1 18.Rxa1 Nexc6 19.Rd1 Qc7 20.Rxd6 Na7 21.Qb6 Qxc4 
22.Qxa7 Qb5 23.Rb6 Qe2 24.Bb3 Qxe4 25.Bxf7+ Rxf7 26.Qxf7+ 1-0

[Event "II Open"]
[Site "Crema ITA"]
[Date "2000.09.17"]
[Round "5"]
[White "Sanavio, Giancarlo"]
[Black "Vecchia, Mario"]
[Result "1/2-1/2"]
[WhiteElo "1561"]
[BlackElo "1692"]
[PlyCount "32"]
[EventDate "2000.09.15"]

1.Nf3 Nf6 2.c4 g6 3.b4 Bg7 4.Bb2 O-O 5.e3 d6 6.d4 c6 7.Nbd2 Na6 8.a3 Nc7 
9.Be2 d5 10.O-O dxc4 11.Bxc4 Be6 12.Bd3 Rc8 13.Nb3 Bxb3 14.Qxb3 Nd7 15.
Rac1 Nb6 16.Kh1 Qd5 1/2-1/2

[Event "II Open"]
[Site "Crema ITA"]
[Date "2000.09.17"]
[Round "5"]
[White "Sartorio, Diego"]
[Black "Poretti, Ennio"]
[Result "0-1"]
[WhiteElo "1705"]
[BlackElo "1614"]
[PlyCount "50"]
[EventDate "2000.09.15"]

1.e4 e5 2.Nf3 Nc6 3.d4 exd4 4.Nxd4 Bc5 5.Nxc6 bxc6 6.Bd3 Qf6 7.Qd2 Ne7 8.
O-O d5 9.Qf4 Qe6 10.Nc3 O-O 11.Bd2 Bd6 12.Qe3 Qd7 13.exd5 cxd5 14.Nxd5 
Nxd5 15.Qe4 g6 16.c4 Nb6 17.Bc3 Re8 18.Qh4 Be5 19.Rad1 Qg4 20.Qxg4 Bxg4 
21.Rde1 Bxc3 22.bxc3 Rxe1 23.Rxe1 Be6 24.c5 Na4 25.c4 Nxc5 0-1